The Bible, the Qur'an and science : (Record no. 194736)
[ view plain ]
| 000 -LEADER | |
|---|---|
| fixed length control field | 00894 a2200229 4500 |
| 003 - CONTROL NUMBER IDENTIFIER | |
| control field | Nust |
| 005 - DATE AND TIME OF LATEST TRANSACTION | |
| control field | 20170207154202.0 |
| 010 ## - LIBRARY OF CONGRESS CONTROL NUMBER | |
| LC control number | 2002116587 |
| 020 ## - INTERNATIONAL STANDARD BOOK NUMBER | |
| International Standard Book Number | 187940298X (pbk.) |
| 035 ## - SYSTEM CONTROL NUMBER | |
| System control number | (DLC) 2002116587 |
| 040 ## - CATALOGING SOURCE | |
| Transcribing agency | Nust |
| 082 00 - DEWEY DECIMAL CLASSIFICATION NUMBER | |
| Classification number | 220.6 |
| 100 1# - MAIN ENTRY--PERSONAL NAME | |
| Personal name | Bucaille, Maurice. |
| 245 14 - TITLE STATEMENT | |
| Title | The Bible, the Qur'an and science : |
| Remainder of title | the Holy Scriptures examined in the light of modern knowledge / |
| Statement of responsibility, etc. | Maurice Bucaille ; translated from the French by Alastair D. Pannell and the author. |
| 250 ## - EDITION STATEMENT | |
| Edition statement | 1st U.S. ed. |
| 260 ## - PUBLICATION, DISTRIBUTION, ETC. | |
| Place of publication, distribution, etc. | Elmhurst, N.Y. : |
| Name of publisher, distributor, etc. | Tahrike Tarsile Qurᡮ, |
| Date of publication, distribution, etc. | 2003. |
| 300 ## - PHYSICAL DESCRIPTION | |
| Extent | 269 p. ; |
| Dimensions | 21 cm. |
| 500 ## - GENERAL NOTE | |
| General note | "Seventh edition, revised and expanded". |
| 505 ## - FORMATTED CONTENTS NOTE | |
| Formatted contents note | Old Testament (Page-1) The Quran And Modern Science (Page-110) Quranic And Biblical Narration (Page-211) Quran, Hadith And Modern Science (Page-242) |
| 650 #0 - SUBJECT ADDED ENTRY--TOPICAL TERM | |
| Topical term or geographic name entry element | Bible and science. |
| 650 #0 - SUBJECT ADDED ENTRY--TOPICAL TERM | |
| Topical term or geographic name entry element | Koran and science. |
| 942 ## - ADDED ENTRY ELEMENTS (KOHA) | |
| Source of classification or shelving scheme | |
| Koha item type | Book |
| Withdrawn status | Lost status | Source of classification or shelving scheme | Damaged status | Not for loan | Collection code | Permanent Location | Current Location | Date acquired | Total Checkouts | Full call number | Barcode | Date last seen | Price effective from | Koha item type | Shelving location |
|---|---|---|---|---|---|---|---|---|---|---|---|---|---|---|---|
| Military College of Signals (MCS) | Military College of Signals (MCS) | 12/12/2016 | 290 BUC | MCS36614 | 12/08/2016 | 12/12/2016 | Book | ||||||||
| School of Mechanical & Manufacturing Engineering (SMME) | School of Mechanical & Manufacturing Engineering (SMME) | 03/20/2023 | 220.6 | SMME-4293 | 03/20/2023 | 03/20/2023 | Book | Aerospace Engineering |
